000 00448nam a22001697a 4500
005 20160618095704.0
008 160618b xxu||||| |||| 00| 0 eng d
020 _a07069-9760-3
041 _aeng
082 _b8077
100 _aPyiee Dr. M.U. and George, A Semon
_92124
245 _aIndustial Relations and Personal
260 _aNew Delhi
_bVikas Publishing House (P) Ltd.
_c2003
300 _a189
650 _aManagement
_9241
942 _cBK
999 _c3043
_d3042